000 01375nam a2200241Ia 4500
003 Ost
005 20260507075354.0
008 260507s9999||||xx |||||||||||||| ||und||
020 _a87938799539
040 _cfsecg
041 _aara
082 _a330
100 _aليندستروم، مارتن
_eمؤلف
245 0 _aدوافع الشراء :
_bلماذا نشتري حقائق وأكاذيب /
_c مارتن ليندستروم
260 _aبيروت:
_bالدار العربية للعلوم ناشرون,
_c2010
300 _a240 صفحة؛
_bإيضاحات ؛
_c21 سم
520 _aأكبر دراسة تناولت التسويق العصبي على الإطلاق- إقحام المنتجات في البرامج المتلفزة- الأعصاب الإنعكاسية قيد العمل- الطقوس والخرافات ولماذا نشتري؟- العلامات التجارية والإعتقادات والإنتماء- قوة الوسامة البدنية- عندما يستهدفون أحاسيسنا- التسويق العصبي وتوقع المستقبل- المشاهد الإباحية في الإعلانات- مستقبل العلامات التجارية
653 _aأدارة المبيعات
653 _aالتسويق
653 _aالشراء
700 _aعامر، لبنى حامد
_eمؤلف ثانوي
942 _cكتاب
999 _c44183
_d44183